00464 2200157 4500001002100000005001500021035002000036245010100056100003300157300002800190260003600218082000800254084001400262020001800276990001200294INLIS00000000000316820251126120425 a0010-11250000291 aSejarah Nasional Indonesia VI :bZaman Jepang dan Zaman Republik /cMarwati Djoened Poesponegoro0 aMarwati Djoened Poesponegoro a808 hlm ;c17,5 x 25 cm aJakarta :bBalai Pustaka,c2008 a900 a900 MAR s a978-407-412-8 a0750962